000 01880cam a22004454i 4500
003 PE-LiUPU
005 20250731173556.0
008 150617s r 000 0 d
035 _a(Sirsi) a11489
040 _aPE-LiUPU
_bspa
_cPE-LiUPU
_erda
049 _aPRUA
082 0 4 _a241.2
_bP415c
_223
100 _aPenno, Paul E.
_eautor
_9922
245 1 0 _aCalvary at Sinai :
_bthe law and the covenants in Seventh-day Adventist history /
_cPaul E. Penno, Jr.
264 1 _aMims, FL :
_bBooks for Jesus,
_c2008.
300 _a98 páginas ;
_c28 cm.
336 _atext
_2rdacontent
337 _aunmediated
_2rdamedia
338 _avolume
_2rdacarrier
504 _aBibliografía al pie de páginas.
505 0 _aThe covenants in early adventist thinking -- Waggoner on the law -- The gospel sickle -- Elder George Butler and the law in Galatians -- Waggoner on Galatians -- "That terrible conference" -- D. M. Canright -- Elder Butler's Vindication -- The California Conspiracy -- The Gospel in the book of Galatians -- The 1888 Minneapolis General Conference -- 1890 ----Minneapolis all over again --Ellen White Endorses the covenant -- "Justification by faith is the third angel's mesage in verity" -- The law was our schoolmaster -- The third angel's message -- The two covenantas -- Calvary at Sinaí.
526 _aSEG42
526 _aSEG41
526 _aSEG40
526 _aSEG39
526 _aP94
526 _aP87
526 _aP86
526 _aP85
526 _aP77
526 _aP76
526 _aP35
650 0 _aPactos
_xAspectos religiosos
_9923
650 0 _aLey y evangelio
_xHistoria de las doctrinas
_ySiglo XIX
_9924
650 0 _aDiez Mandamientos
_9925
910 _ajck
942 _2ddc
_cBK
999 _c61696
_d61696
980 _618226
_aJaime Vilcazán Jefe de Análisis Documental
_81
_gALBERTO SANCHEZ Responsable de Automatización